000 00365nam a2200145Ia 4500
008 230711s9999||||xx |||||||||||||| ||und||
041 _aENG
082 _a4
_bME-C
100 _aMeeta Gandhi
245 4 _aThe `C` Odyssey: DOS-The Charted Waters
250 _a1st Ed.
260 _c1992
_aNew Delhi
_bBPB Publications
650 _aComputer Engineering
942 _cBK
999 _c2287
_d2287